Alegrías del caballo / (Record no. 19874)

MARC details
000 -LEADER
campo de control de longitud fija 00910nam a2200241 i 4500
001 - NÚMERO DE CONTROL
campo de control 19874
003 - IDENTIFICADOR DE NÚMERO DE CONTROL
campo de control ES-MaACL
005 - FECHA Y HORA DE LA ÚLTIMA TRANSACCIÓN
campo de control 20250910172847.0
007 - CAMPO FIJO DE DESCRIPCIÓN FÍSICA--INFORMACIÓN GENERAL
campo de control de longitud fija t|
008 - DATOS DE LONGITUD FIJA--INFORMACIÓN GENERAL
campo de control de longitud fija 021023s1972 sp ||||1| spa d
080 ## - NÚMERO DE LA CLASIFICACIÓN DECIMAL UNIVERSAL
Número de la Clasificación Decimal Universal 636.1(084)
245 00 - MENCIÓN DEL TÍTULO
Título Alegrías del caballo /
Mención de responsabilidad, etc. con un capítulo escrito especialmente por Francisco Goyoaga ; Benoist-Gironière ha coordinado los trabajos ; [textos de Alain Albaric ... et al. ; traducción y notas por Juan Ramón Masoliver].
250 ## - MENCION DE EDICION
Mención de edición 1ª ed.
260 ## - PUBLICACIÓN, DISTRIBUCIÓN, ETC.
Lugar de publicación, distribución, etc. Barcelona :
Nombre del editor, distribuidor, etc. Destino,
Fecha de publicación, distribución, etc. 1972.
300 ## - DESCRIPCIÓN FÍSICA
Extensión 272 p., lám. col.y n. :
Otras características físicas il. ;
Dimensiones 28 cm.
650 #4 - PUNTO DE ACCESO ADICIONAL DE MATERIA--TÉRMINO DE MATERIA
Término de materia o nombre geográfico como elemento de entrada Caballos-
Subdivisión de forma Obras ilustradas.
9 (RLIN) 10657
700 1# - ENTRADA AGREGADA--NOMBRE PERSONAL
Nombre de persona Goyoaga, Francisco.
9 (RLIN) 59414
700 1# - ENTRADA AGREGADA--NOMBRE PERSONAL
Nombre de persona Benoist-Gironière, Yvan,
Fechas asociadas al nombre 1930-
9 (RLIN) 173678
700 1# - ENTRADA AGREGADA--NOMBRE PERSONAL
Nombre de persona Albaric, Alain.
9 (RLIN) 19239
700 1# - ENTRADA AGREGADA--NOMBRE PERSONAL
Nombre de persona Masoliver, Juan Ramón,
Fechas asociadas al nombre 1910-1997
9 (RLIN) 78748
852 ## - LOCALIZACIÓN
Ubicación ES-MaACL
Número de control de estantería C-42907
Holdings
Estatus retirado Estado de pérdida Estado de daño No para préstamo Biblioteca de origen Biblioteca actual Ubicación en estantería Fecha de adquisición Fuente de adquisición Total de préstamos Signatura topográfica completa Código de barras Visto por última vez Precio de reemplazo Tipo de ítem Koha
        Biblioteca del Ateneo de Madrid Biblioteca del Ateneo de Madrid Depósito 2 17/01/2008     C-42907 1020354 23/02/2023 23/02/2023 Libro impreso